<?xml version="1.0" encoding="UTF-8"?>
<record
    xmlns:xsi="http://www.w3.org/2001/XMLSchema-instance"
    xsi:schemaLocation="http://www.loc.gov/MARC21/slim http://www.loc.gov/standards/marcxml/schema/MARC21slim.xsd"
    xmlns="http://www.loc.gov/MARC21/slim">

  <leader>00223nam a22000737a 4500</leader>
  <controlfield tag="008">161013b        xxu||||| |||| 00| 0 eng d</controlfield>
  <datafield tag="100" ind1=" " ind2=" ">
    <subfield code="a">Memon, Ayaz Ahmed </subfield>
    <subfield code="b">94ME88</subfield>
  </datafield>
  <datafield tag="245" ind1=" " ind2=" ">
    <subfield code="a">Design, Fabrication And Testing of Solar Still (Thesis)</subfield>
  </datafield>
  <datafield tag="999" ind1=" " ind2=" ">
    <subfield code="c">54470</subfield>
    <subfield code="d">54467</subfield>
  </datafield>
  <datafield tag="952" ind1=" " ind2=" ">
    <subfield code="0">0</subfield>
    <subfield code="1">0</subfield>
    <subfield code="2">ddc</subfield>
    <subfield code="4">0</subfield>
    <subfield code="6">R_03ME94</subfield>
    <subfield code="7">0</subfield>
    <subfield code="9">120399</subfield>
    <subfield code="a">RESEARCH</subfield>
    <subfield code="b">RESEARCH</subfield>
    <subfield code="d">2016-10-13</subfield>
    <subfield code="i">P/8-82</subfield>
    <subfield code="l">0</subfield>
    <subfield code="o">R/03ME94</subfield>
    <subfield code="r">2016-10-13 00:00:00</subfield>
    <subfield code="t">01</subfield>
    <subfield code="w">2016-10-13</subfield>
    <subfield code="y">THESIS</subfield>
  </datafield>
</record>
